[Event "Kuwait Rapid op 1st"]
[Site "Kuwait City"]
[Date "2025.01.10"]
[Round "6"]
[White "Nithyanand, Arnav"]
[Black "Adly, Ibrahim"]
[Result "0-1"]
[WhiteElo "1514"]
[BlackElo "1790"]
[PlyCount "127"]
[EventDate "2025.01.09"]
[EventType "swiss (rapid)"]
[EventRounds "9"]
[EventCountry "KUW"]
[SourceTitle "CB03_2025"]
[SourceDate "2025.01.15"]
[SourceVersion "1"]
[SourceVersionDate "2025.01.15"]
[SourceQuality "1"]

1. e4 c5 2. Nf3 Nc6 3. d4 cxd4 4. Nxd4 e6 5. Nc3 Bc5 6. Nxc6 bxc6 7. Bd3 Nf6 8. 0-0 0-0 9. Bg5 Be7 10. e5 Ne8 11. Bxe7 Qxe7 12. Ne4 f5 13. Ng3 Qc5 14. Qe2 g6 15. c3 Ng7 16. Rad1 Qb6 17. Rd2 a5 18. Re1 a4 19. Bc2 Ra7 20. Red1 Qc5 21. Rd4 a3 22. Rc4 Qe7 23. Rb4 axb2 24. Rxb2 Ba6 25. Bd3 Rfa8 26. Bxa6 Rxa6 27. Rbd2 R6a7 28. Qc4 h6 29. Rb2 Kh7 30. Qe2 Qc5 31. Rd3 h5 32. h3 h4 33. Nf1 Nh5 34. Rbd2 Rd8 35. Qe3 Qxe3 36. Nxe3 Nf4 37. Rd6 Nd5 38. Nxd5 cxd5 39. Rb6 Rda8 40. Rbb2 Kg7 41. f3 Kf7 42. Kf2 Ke7 43. Ke3 Ra4 44. Kf2 R8a7 45. Ke3 d6 46. exd6+ Kxd6 47. Rb6+ Ke5 48. f4+ Kf6 49. Rxd5 Rxa2 50. Rdd6 Re7 51. Rd2 Ra3 52. Rc6 g5 53. Rdd6 g4 54. hxg4 fxg4 55. Rd8 Rh7 56. Re8 h3 57. Rexe6+ Kf7 58. Rf6+ Kg7 59. Rg6+ Kf7 60. Rgf6+ Ke7 61. Rfe6+ Kd7 62. Red6+ Ke7 63. Re6+ Kf7 64. Rf6+ 0-1

[Event "Kuwait Rapid op 1st"]
[Site "Kuwait City"]
[Date "2025.01.09"]
[Round "5"]
[White "Adly, Ibrahim"]
[Black "Nihal, Saheer"]
[Result "1-0"]
[WhiteElo "1790"]
[BlackElo "1540"]
[PlyCount "107"]
[EventDate "2025.01.09"]
[EventType "swiss (rapid)"]
[EventRounds "9"]
[EventCountry "KUW"]
[SourceTitle "CB03_2025"]
[SourceDate "2025.01.15"]
[SourceVersion "1"]
[SourceVersionDate "2025.01.15"]
[SourceQuality "1"]

1. e4 c6 2. d4 d5 3. Nd2 dxe4 4. Nxe4 Nf6 5. Bd3 Qxd4 6. Nf3 Qd8 7. Nxf6+ exf6 8. 0-0 Bd6 9. Re1+ Be6 10. Nh4 Qc7 11. h3 Nd7 12. Nf5 Bf8 13. Nd4 Nc5 14. Bc4 0-0-0 15. Bxe6+ fxe6 16. c3 e5 17. Qg4+ Qd7 18. Qxd7+ Rxd7 19. Nf3 Nd3 20. Rf1 Nxc1 21. Raxc1 Bc5 22. a4 e4 23. Nh2 e3 24. Ng4 exf2+ 25. Nxf2 Rd2 26. b4 Bxf2+ 27. Rxf2 Rxf2 28. Kxf2 b5 29. a5 a6 30. Re1 Rd8 31. Re7 Rd7 32. Re8+ Kc7 33. Ke3 Kd6 34. Ra8 Re7+ 35. Kd2 g5 36. Rxa6 f5 37. Rb6 h5 38. Rb8 g4 39. hxg4 hxg4 40. Rf8 Ke5 41. Ke3 Kd5+ 42. Kd3 Ke5 43. g3 Rd7+ 44. Ke3 Rc7 45. Re8+ Kd5 46. Kf4 Kc4 47. Re3 c5 48. bxc5 Kxc5 49. Kxf5 Ra7 50. Kxg4 Rxa5 51. Re8 Ra4+ 52. Kh5 Kc4 53. Rc8+ Kd3 54. Rc5 1-0

[Event "Kuwait Rapid op 1st"]
[Site "Kuwait City"]
[Date "2025.01.09"]
[Round "4"]
[White "Sulaiman, Yousef"]
[Black "Adly, Ibrahim"]
[Result "0-1"]
[WhiteElo "1571"]
[BlackElo "1790"]
[PlyCount "52"]
[EventDate "2025.01.09"]
[EventType "swiss (rapid)"]
[EventRounds "9"]
[EventCountry "KUW"]
[SourceTitle "CB03_2025"]
[SourceDate "2025.01.15"]
[SourceVersion "1"]
[SourceVersionDate "2025.01.15"]
[SourceQuality "1"]

1. e4 c5 2. Nc3 Nc6 3. Bc4 e6 4. d3 Nf6 5. f4 d5 6. Bb5 dxe4 7. Nxe4 Nxe4 8. dxe4 Qa5+ 9. Bd2 Qxb5 10. Bc3 Nd4 11. Qd2 Be7 12. 0-0-0 0-0 13. Bxd4 cxd4 14. Qxd4 b6 15. Nf3 Bc5 16. Qd2 Qa4 17. Kb1 Qxe4 18. Rhe1 Qa4 19. Qd3 Ba6 20. Qc3 Bb4 21. Qd4 Qa5 22. Re5 Bc5 23. Qe4 Rad8 24. Rf1 Bxf1 25. b3 Rd1+ 26. Kb2 Ba3# 0-1

[Event "Kuwait City Wafra Gulf op 3rd"]
[Site "Kuwait City"]
[Date "2024.05.17"]
[Round "5"]
[White "Khalish S, Jai"]
[Black "Adly, Ibrahim"]
[Result "0-1"]
[WhiteElo "1626"]
[BlackElo "1791"]
[PlyCount "110"]
[EventDate "2024.05.17"]
[EventType "swiss"]
[EventRounds "9"]
[EventCountry "KUW"]
[SourceTitle "CBM 220 Extra"]
[Source "ChessBase"]
[SourceDate "2024.07.31"]
[SourceVersion "1"]
[SourceVersionDate "2024.07.31"]
[SourceQuality "1"]

1. e4 c5 2. Nf3 Nc6 3. d4 cxd4 4. Nxd4 e6 5. Nc3 Bc5 6. Be3 Qb6 7. Nxc6 Bxe3 8. fxe3 Qxe3+ 9. Qe2 Qxe2+ 10. Bxe2 bxc6 11. e5 Ne7 12. Ne4 0-0 13. 0-0 Ng6 14. Rfe1 Nxe5 15. Nd6 f6 16. Rad1 Nf7 17. Nxc8 Rfxc8 18. Rxd7 Ne5 19. Rd6 Kf7 20. Bf3 Ke7 21. Red1 Rd8 22. R6d4 Rxd4 23. Rxd4 Rd8 24. Rxd8 Kxd8 25. Kf2 Kc7 26. Ke2 Kd6 27. Be4 f5 28. Bd3 Nxd3 29. Kxd3 e5 30. g3 g5 31. b4 c5 32. b5 e4+ 33. Ke3 Ke5 34. a4 f4+ 35. gxf4+ gxf4+ 36. Ke2 c4 37. c3 Kd5 38. Kf2 Kc5 39. h4 Kb6 40. h5 Ka5 41. Kg2 Kxa4 42. Kh3 Kb3 43. Kg4 f3 44. Kg3 Kxc3 45. Kf2 Kb4 46. b6 axb6 47. Ke3 Kc5 48. h6 b5 49. Kd2 Kd4 50. Kc2 e3 51. Kd1 b4 52. Ke1 c3 53. Kd1 b3 54. Ke1 b2 55. Kf1 b1Q# 0-1

[Event "Kuwait City Wafra Gulf op 3rd"]
[Site "Kuwait City"]
[Date "2024.05.17"]
[Round "3"]
[White "Poliquit, Dennis"]
[Black "Adly, Ibrahim"]
[Result "1-0"]
[WhiteElo "1999"]
[BlackElo "1791"]
[PlyCount "83"]
[EventDate "2024.05.17"]
[EventType "swiss"]
[EventRounds "9"]
[EventCountry "KUW"]
[SourceTitle "CBM 220 Extra"]
[Source "ChessBase"]
[SourceDate "2024.07.31"]
[SourceVersion "1"]
[SourceVersionDate "2024.07.31"]
[SourceQuality "1"]

1. e4 c5 2. Nf3 Nc6 3. d3 e6 4. g3 Nf6 5. Bg2 Be7 6. 0-0 d6 7. Re1 0-0 8. Nbd2 a6 9. c3 Bd7 10. a4 b5 11. axb5 axb5 12. Rxa8 Qxa8 13. e5 dxe5 14. Nxe5 Qc8 15. Nxd7 Qxd7 16. Qb3 Rb8 17. Ne4 Nxe4 18. dxe4 b4 19. Qa4 bxc3 20. bxc3 Ne5 21. Qxd7 Nxd7 22. Bf4 e5 23. Rd1 Rb7 24. Be3 Nf6 25. f3 h6 26. Bf1 Rb3 27. Rc1 g5 28. Bc4 Ra3 29. Rc2 Kg7 30. g4 Nd7 31. Bc1 Ra1 32. Kf2 Nb6 33. Bb2 Rh1 34. Bf1 Rxh2+ 35. Bg2 Nc4 36. Bc1 h5 37. Kg3 Rh4 38. Ra2 hxg4 39. fxg4 f5 40. exf5 e4 41. Ra7 Kf8 42. Rxe7 1-0